Movies By 1 Actor and 1 Actress - Meryl Streep Edition - Statistics

General Stats
  • This quiz has been taken 31 times
  • The average score is 13 of 26
Answer Stats
Cast Movie % Correct
Anne Hathaway, Stanley Tucci The Devil Wears Prada
97%
Pierce Brosnan, Amanda Seyfried Mamma Mia
87%
Dustin Hoffman, Jane Alexander Kramer vs. Kramer
70%
Robert De Niro, Shirley Stoler The Deer Hunter
70%
Amy Adams, Stanley Tucci Julie & Julia
67%
Robert Redford, Rachel Kempson Out of Africa
63%
Kevin Kline, Rita Kerin Sophie's Choice
63%
Jim Broadbent, Susan Brown The Iron Lady
63%
Leonardo DiCaprio, Jennifer Lawrence Don't Look Up
60%
Philip Seymour Hoffman, Viola Davis Doubt
60%
Kurt Russell, Cher Silkwood
60%
Tom Hanks, Alison Brie The Post
57%
Nicolas Cage, Maggie Gyllenhaal Adaptation
53%
Anna Kendrick, Chris Pine Into the Woods
53%
Leonardo DiCaprio, Diane Keaton Marvin's Room
53%
Woody Allen, Diane Keaton Manhattan
47%
Jack Nicholson, Stockard Channing Heartburn
40%
Saoirse Ronan, Chris Cooper Little Women
40%
Denzel Washington, Kimberly Elise The Manchurian Candidate
40%
Jack Nicholson, Carroll Baker Ironweed
37%
George Clooney, Karen Duffy Fantastic Mr. Fox
33%
Jim Carrey, Emily Browning A Series of Unfortunate Events
30%
Tom Cruise, Samantha Carro Lions For Lambs
30%
Roseanne Barr, Ed Begley Jr. She-Devil
27%
Antonio Banderas, Sharon Stone The Laundromat
23%
Tommy Lee Jones, Hilary Swank The Homesman
20%
No matching quizzes found
Score Distribution
Percent of People with Each Score
Percentile by Number Answered
Your Score History
You have not taken this quiz